000 00933nam a2200253Ia 4500
003 OSt
005 20220923230955.0
006 a|||||r|||| 00| 0
007 ta
008 220922b |||||||| |||| 00| 0 hin d
024 _a327,216
037 _cTextual
040 _aARTS
_cARTS
_bhin
041 _2hin
_ahin
082 _aV2.P1, 152P4
100 _aमुखर्जी, मृदुला, ले.
245 0 _aआज़ादी के बाद का भारत
246 _aĀज़ādī ke bād kā bhārata
260 _aदिल्ली विश्वविद्यालय
_b हिन्दी माध्यम कार्यान्वय निदेशालय
_c2004
300 _a771पृ.
_ccm.
650 _aभारत-इतिहास
_9156353
942 _hV2.P1, 152P4
_cTEXL
_2CC
999 _c388510
_d388510